000 00526nam a2200181Ia 4500
008 090123s9999 xx 000 0 und d
082 _b18215
_a891.463/कांबळी
100 _aकांबळी दिवाकर
245 _aपरळ 68
250 _a1
260 _bडिंपल प्रकाशन
_c1987
300 _a164
600 _aकांबळी दिवाकर
630 _aपरळ 68
700 _aकांबळी दिवाकर
730 _aपरळ 68
942 _cBOOK
999 _c56276
_d56276